| 000 | 00812nam a2200229Ia 4500 | ||
|---|---|---|---|
| 003 | OSt | ||
| 005 | 20220925202835.0 | ||
| 006 | a|||||r|||| 00| 0 | ||
| 007 | ta | ||
| 008 | 220923b |||||||| |||| 00| 0 eng d | ||
| 037 | _cGeneral Book | ||
| 040 |
_aRTL _cRTL _beng |
||
| 041 |
_2eng _aeng |
||
| 082 | _aX:1:(S:44)0Gy5.0.N9, N1/Th | ||
| 100 |
_aGrover Bhavnesh Kumar _9264458 |
||
| 245 | 0 | _aSocial class as a predictor of buying behaviour | |
| 260 |
_aDelhi _bUniversity of Delhi _c1991 |
||
| 300 |
_a638p _ccm. |
||
| 490 | _aUniversity of Delhi, Commerce and Business (Faculty of-), Dissertation. Dissertation, University of Delhi, Commerce and Business (Faculty of- | ||
| 942 |
_hX:1:(S:44)0Gy5.0.N9, N1/Th _cGB _2CC |
||
| 999 |
_c544336 _d544336 |
||